[Event "II Maxistral Compostela 2020"]
[Site "Santiago de Compostela"]
[Date "2020.02.16"]
[Round "7.2"]
[White "Gonzalez Trigal, Jose Luis"]
[Black "Gomez Dieguez, David"]
[Result "1-0"]
[WhiteElo "2369"]
[BlackElo "2296"]
[Annotator "RC"]
[PlyCount "95"]
[EventDate "2020.02.11"]
[EventType "tourn"]
[EventCountry "ESP"]
[SourceTitle "playchess.com"]
[Source "ChessBase"]
[SourceQuality "1"]
[TimeControl "5400+30"]

1. d4 {[%emt 0:00:00]} Nf6 {[%emt 0:04:17]} 2. Nf3 {[%emt 0:00:00]} d5 {[%emt 0:00:05]} 3. c4 {[%emt 0:00:13]} e6 {[%emt 0:00:04]} 4. g3 {[%emt 0:00:34]} Bb4+ {[%emt 0:00:05]} 5. Bd2 {[%emt 0:02:09]} Be7 {[%emt 0:00:04]} 6. Bg2 {[%emt 0:00:26]} O-O {[%emt 0:00:09]} 7. O-O {[%emt 0:00:49]} Nbd7 {[%emt 0:00:06]} 8. Qc2 {[%emt 0:01:19]} Ne4 {[%emt 0:00:06]} 9. Bc1 {[%emt 0:04:18]} c6 {[%emt 0:02:17]} 10. b3 {[%emt 0:03:02]} f5 {[%emt 0:03:09]} 11. Ba3 {[%emt 0:06:15]} Bxa3 {[%emt 0:07:38]} 12. Nxa3 {[%emt 0:00:02]} Qe7 {[%emt 0:00:04]} 13. Qc1 {[%emt 0:08:06]} b6 {[%emt 0:05:06]} 14. cxd5 {[%emt 0:12:19]} cxd5 {[%emt 0:00:39]} 15. Qb2 {[%emt 0:00:10]} Ba6 {[%emt 0:04:30]} 16. b4 {[%emt 0:00:54]} Bc4 {[%emt 0:08:55]} 17. Nxc4 {[%emt 0:07:31]} dxc4 {[%emt 0:00:05]} 18. b5 {[%emt 0:00:09]} c3 {[%emt 0:15:01]} 19. Qb3 {[%emt 0:02:04]} a5 {[%emt 0:00:30]} 20. a4 {[%emt 0:07:05]} Rac8 {[%emt 0:05:43]} 21. Rfc1 {[%emt 0:07:23]} Rfe8 {[%emt 0:05:29]} 22. e3 {[%emt 0:05:52]} Ndf6 {[%emt 0:14:51]} 23. Ne5 {[%emt 0:04:36]} Qb4 {[%emt 0:00:08]} 24. Rab1 {[%emt 0:07:10]} Nd5 {[%emt 0:04:27]} 25. Qc2 {[%emt 0:04:05]} Qa3 {[%emt 0:02:15]} 26. Bxe4 {[%emt 0:01:54]} fxe4 {[%emt 0:00:25]} 27. Nc6 {[%emt 0:01:22]} Rxc6 {[%emt 0:01:15]} 28. bxc6 {[%emt 0:00:02]} Rc8 {[%emt 0:00:13]} 29. Rb3 {[%emt 0:05:00]} Qxa4 {[%emt 0:00:53]} 30. Rxc3 {[%emt 0:00:08]} Nxc3 {[%emt 0:00:05]} 31. Qxc3 {[%emt 0:00:06]} b5 {[%emt 0:04:12]} 32. Qc5 {[%emt 0:01:24]} Qb4 {[%emt 0:00:13]} 33. Qe5 {[%emt 0:01:32]} Qb3 {[%emt 0:01:38]} 34. Qxe4 {[%emt 0:02:26]} a4 {[%emt 0:01:19]} 35. Rb1 {[%emt 0:02:40]} Qc4 {[%emt 0:00:05]} 36. Rxb5 {[%emt 0:01:48]} Rxc6 {[%emt 0:03:36]} 37. Rb8+ {[%emt 0:00:38]} Rc8 {[%emt 0:03:46]} 38. Rxc8+ {[%emt 0:00:01]} Qxc8 {[%emt 0:00:03]} 39. d5 {[%emt 0:00:08]} a3 {[%emt 0:05:20]} 40. Qa4 {[%emt 0:00:01]} exd5 {[%emt 0:00:27]} 41. Qxa3 {[%emt 0:00:02]} Qc4 {[%emt 0:00:16]} 42. Qa8+ {[%emt 0:02:06]} Kf7 {[%emt 0:00:00]} 43. Qa7+ {[%emt 0:00:39]} Kg8 {[%emt 0:00:11]} 44. Qb8+ {[%emt 0:00:14]} Kf7 {[%emt 0:00:06]} 45. Qf4+ {[%emt 0:00:10]} Ke6 {[%emt 0:00:04]} 46. Qxc4 {[%emt 0:00:34]} dxc4 {[%emt 0:00:03]} 47. Kf1 {[%emt 0:00:06]} Kd5 {[%emt 0:00:04]} 48. Ke2 {[%emt 0:00:04]} 1-0

[Event "II Maxistral Compostela 2020"]
[Site "Santiago de Compostela"]
[Date "2020.02.16"]
[Round "7.3"]
[White "Grigoryan, Karen H."]
[Black "Medarde Santiago, Luis Marcos"]
[Result "1/2-1/2"]
[WhiteElo "2654"]
[BlackElo "2246"]
[Annotator "TA"]
[PlyCount "42"]
[EventDate "2020.02.11"]
[EventType "tourn"]
[EventCountry "ESP"]
[SourceTitle "playchess.com"]
[Source "ChessBase"]
[SourceQuality "1"]

{[%evp 12,42,30,31,21,29,24,35,26,27,51,51,42,-72,-35,-69,-47,-37,-27,-30,-25,-72,-65,-78,-68,-95,-95,-68,-79,-80,-95,-346,-343]} 1. e4 c5 2. Nf3 e6 3. d4 cxd4 4. Nxd4 Nf6 5. Nc3 Nc6 6. Ndb5 Bc5 7. Bf4 {Black must now prevent Nc7+.} O-O {B45: Sicilian Four Knights.} 8. Bc7 Qe7 9. Bd6 $1 {[%cal Rd6e7]} Bxd6 {White is slightly better.} 10. Qxd6 Qd8 11. Nc7 Rb8 {[%cal Ba8b8,Bb8b2,Bb2b4,Bb4e4][%mdl 32] [#]} 12. f4 $146 (12. Be2 $14 {keeps the upper hand.}) ({Predecessor:} 12. Be2 a6 13. Rd1 b5 14. e5 Ne8 15. Nxe8 Rxe8 16. O-O Bb7 17. Bf3 Ne7 18. Bxb7 Rxb7 19. Qxa6 {1-0 (19) Khanin,S (2500)-Grachev,B (2614) Moscow 2019}) 12... b5 $1 $17 {[%cal Rb5b4]} 13. N7xb5 ({Reject} 13. Bxb5 Rb7 $17) 13... a6 {aiming for ...Qb6.} 14. Nd4 Nxd4 15. Qxd4 Rxb2 16. e5 {[#] 0-0-0 is the strong threat.} Qa5 $1 $36 {[%mdl 2048] Black has the initiative.} 17. Qd2 {[#]} Nh5 $1 {[%cal Rh5f4] And now ...Nxf4! would win.} 18. Nd1 Rb4 19. g3 Bb7 20. Rg1 Qb6 {Hoping for ...Re4+.} 21. Ne3 $2 {[%mdl 8192]} (21. Qf2 $17) 21... Re4 {[%mdl 32768] Accuracy: White = 64%, Black = 100%. . An unexpected result.} 1/2-1/2

[Event "II Maxistral Compostela 2020"]
[Site "Santiago de Compostela"]
[Date "2020.02.16"]
[Round "7.4"]
[White "Portela Peleteiro, Alberto"]
[Black "Galego, Luis"]
[Result "0-1"]
[WhiteElo "2369"]
[BlackElo "2486"]
[Annotator "TA"]
[PlyCount "62"]
[EventDate "2020.02.11"]
[EventType "tourn"]
[EventCountry "ESP"]
[SourceTitle "playchess.com"]
[Source "ChessBase"]
[SourceQuality "1"]

{[%evp 14,62,101,93,120,54,45,-22,-5,-18,-34,-16,-14,-16,-5,-5,-4,-30,-33,-68,0,0,0,0,0,0,0,0,0,-158,-163,-195,-179,-382,-397,-364,-366,-610,-610,-597,-605,-608,-607,-818,-745,-826,-586,-917,-765,-942,-947]} 1. e4 d6 2. d4 c6 3. Nc3 Nf6 4. f4 g6 5. Nf3 Bg7 6. Bd3 Bg4 7. h3 Bxf3 8. Qxf3 Nfd7 {B09: Pirc Defence: Austrian Attack.} 9. Be3 {[#]} (9. e5 $16) 9... Qb6 $146 {[%mdl 64] [#] Double Attack} ({Predecessor:} 9... Na6 10. O-O O-O 11. a3 b5 12. Ne2 Nc7 13. g4 c5 14. c3 cxd4 15. cxd4 d5 16. e5 {1-0 (38) Zacarias,M (2196)-Heinechen,J (1946) Asuncion 2014}) 10. O-O-O ({White should play} 10. Ne2 $14) 10... Bxd4 $11 {The position is equal.} 11. Bxd4 Qxd4 12. h4 Qf6 13. Qe3 e5 14. g3 Nc5 15. Rhf1 Nbd7 16. Bc4 Qe7 ({Black should try} 16... Nb6 $15 17. Bb3 (17. fxe5 Nxc4 18. Qxc5 dxc5 $17) 17... Rf8) 17. b4 Ne6 18. f5 gxf5 19. exf5 Nc7 $1 $36 {[%mdl 2048] aiming for ...d5. Black has good play.} 20. f6 $1 {[%cal Rf6e7]} Qf8 $1 {White must now prevent ...0-0-0.} ({Not} 20... Nxf6 $2 {[#]} 21. Rxf6 $1 {[%mdl 512]} d5 22. Rdf1 $18) 21. Be2 $2 (21. Bxf7+ $1 $11 Qxf7 22. Ne4) 21... d5 $17 22. Bg4 Qxb4 23. Rf4 $2 (23. Bxd7+ Kxd7 24. Qxe5) 23... Qa3+ $19 24. Kb1 Ne6 25. Bxe6 $2 (25. Ra4 Qc5 26. Qe1) 25... exf4 {Black is clearly winning.} ({Less strong is} 25... fxe6 26. f7+ Kd8 27. Rf3 $17) 26. Bxd7+ Kxd7 27. Qd4 {White wants to play Nxd5!} Rae8 28. Ne4 Qe3 29. Nc5+ Kc7 30. Qb4 b6 31. Na6+ Kb7 {Accuracy: White = 36%, Black = 83%.} 0-1

[Event "II Maxistral Compostela 2020"]
[Site "Santiago de Compostela"]
[Date "2020.02.16"]
[Round "7.5"]
[White "Sanchez Aller, Fernando"]
[Black "Petkov, Vladimir"]
[Result "0-1"]
[WhiteElo "2350"]
[BlackElo "2514"]
[Annotator "TA"]
[PlyCount "72"]
[EventDate "2020.02.11"]
[EventType "tourn"]
[EventCountry "ESP"]
[SourceTitle "playchess.com"]
[Source "ChessBase"]
[SourceQuality "1"]

{[%evp 19,72,27,22,9,12,0,0,19,22,23,24,31,20,1,16,0,45,0,45,41,60,67,65,63,72,75,97,66,77,35,60,54,85,11,22,1,0,-102,-94,-90,-80,-127,-72,-187,-177,-419,-434,-620,-597,-608,-327,-357,-319,-1779,-1027]} 1. e4 e5 2. Nf3 Nc6 3. Bb5 a6 4. Ba4 Nf6 5. O-O Be7 6. Re1 b5 7. Bb3 d6 8. c3 O-O 9. d4 Bg4 10. Be3 Bh5 11. h3 {C91: Closed Ruy Lopez: 7...d6 8 c3 0-0 9 d4.} exd4 ({But not} 11... Nxe4 $2 12. Bd5 $18) 12. cxd4 d5 13. e5 {The position is equal.} Ne4 $1 14. Nbd2 Nxd2 15. Qxd2 ({Of course not} 15. Bxd2 Nxd4 16. g4 Nxb3 $17) 15... Bxf3 16. gxf3 {[#]} Qd7 $146 {Threatening ...Bb4.} ({Predecessor:} 16... Bb4 17. Qc2 Na5 18. Re2 Qd7 19. Kh2 c6 20. Rg1 Qe6 21. a3 Be7 22. Ba2 Nc4 {1-0 (60) Mammadzada,G (2425)-Humburg,P (2256) Riga 2019}) 17. Qd3 Rab8 18. Rac1 Rb6 19. Kh2 g6 20. Bh6 Re8 21. f4 Bf8 22. Bxf8 Rxf8 23. Rc5 Ne7 $1 24. Qf3 {[%cal Rb3d5]} c6 25. Bc2 Qe6 26. f5 (26. Qg4 $16) 26... gxf5 $11 27. Rg1+ Kh8 $1 28. Rg5 (28. Qh5 $11 {keeps the balance.}) 28... f6 $17 29. exf6 Qxf6 30. Qf4 Rb7 (30... Ng6 $142 31. Qg3 Qxd4) 31. Rh5 (31. Qe5 $17 {keeps fighting.}) 31... Ng6 $36 {[%mdl 2048] Black is in control.} 32. Qd2 $2 (32. Qg5 {was called for.}) 32... Rg7 {[#] Hoping for ...Qd6+.} 33. Rxf5 (33. Rc3 $142 Nh4 34. f4) 33... Qd6+ 34. Kh1 Nh4 35. Rxf8+ Qxf8 36. f4 $2 {[#]} (36. Rc3 b4 37. Rd3) 36... Nf3 {Played: Rg7-g1} 0-1

[Event "II Maxistral Compostela 2020"]
[Site "Santiago de Compostela"]
[Date "2020.02.17"]
[Round "8.1"]
[White "Strikovic, Aleksa"]
[Black "Petkov, Vladimir"]
[Result "1/2-1/2"]
[WhiteElo "2479"]
[BlackElo "2514"]
[Annotator "TA"]
[PlyCount "31"]
[EventDate "2020.02.11"]
[EventType "tourn"]
[EventCountry "ESP"]
[SourceTitle "playchess.com"]
[Source "ChessBase"]
[SourceQuality "1"]

{[%evp 27,31,0,0,0,0,-466]} 1. c4 c5 2. Nc3 Nc6 3. g3 g6 4. Bg2 Bg7 5. e3 e6 6. Nge2 Nge7 7. O-O O-O 8. d4 cxd4 9. Nxd4 Nxd4 10. exd4 d5 11. cxd5 Nxd5 12. Nxd5 exd5 13. Be3 Be6 14. Qd2 Qd7 15. Bh6 {A36: Symmetrical English vs ...g6: 4 Bg2 Bg7.} Bh3 {[#]} 16. Qd1 $146 {[%mdl 40960] An unexpected result.} (16. Bxg7 $11 {and White has nothing to worry.} Kxg7 17. Bxh3 Qxh3 18. Rae1) ({Predecessor:} 16. Bxg7 Kxg7 17. Rfe1 Rfe8 18. Bxh3 Qxh3 19. Rxe8 Rxe8 20. Re1 Qd7 21. Rxe8 Qxe8 22. f3 Qb5 {½-½ (30) Kosic,D (2488)-Manik,M (2404) Budapest 2019}) 1/2-1/2

[Event "II Maxistral Compostela 2020"]
[Site "Santiago de Compostela"]
[Date "2020.02.17"]
[Round "8.2"]
[White "Galego, Luis"]
[Black "Sanchez Aller, Fernando"]
[Result "1/2-1/2"]
[WhiteElo "2486"]
[BlackElo "2350"]
[Annotator "TA"]
[PlyCount "67"]
[EventDate "2020.02.11"]
[EventType "tourn"]
[EventCountry "ESP"]
[SourceTitle "playchess.com"]
[Source "ChessBase"]
[SourceQuality "1"]

{[%evp 9,67,19,21,16,31,25,26,33,34,31,62,52,54,71,46,12,56,28,50,0,178,139,154,139,137,180,155,128,128,67,85,40,53,0,0,0,0,0,0,0,0,-7,-7,-7,-7,-7,-7,-7,-7,-7,-7,-34,-34,-34,-34,-27,-27,-27,22,-67]} 1. e4 e5 2. Bc4 Nf6 3. d3 c6 4. Nf3 Be7 5. O-O d6 6. Re1 {C24: Bishop's Opening: 2...Nf6.} Nbd7 7. c3 h6 (7... Nf8 8. Ng5 Ne6 9. Nxe6 Bxe6 10. Bxe6 fxe6 11. Nd2 O-O 12. Nf3 Qd7 13. h3 h6 14. Be3 a6 15. a4 Rae8 16. a5 Bd8 17. b4 {1-0 (36) Galego,L (2467)-Sanchez Aller,F (2118) Lisbon 2001}) 8. d4 {White has an edge.} Qc7 9. Bb3 g5 10. Nbd2 {[%cal Bb1d2,Bd2c4,Bc4e3,Be3f5][%mdl 32]} Nf8 $1 {[%cal Bd7f8,Bf8g6,Bg6f4][%mdl 32] [#]} 11. Nc4 $146 {[%cal Rd4e5]} ({Predecessor:} 11. Nf1 Ng6 12. Ng3 g4 13. Nd2 Be6 14. Ndf1 O-O-O 15. Ne3 h5 16. d5 cxd5 17. Nxd5 Nxd5 18. Bxd5 {1-0 (38) Totsky,L (2430)-Stepanov,V (2240) Minsk 1996}) 11... Ng6 12. Nfd2 Nf4 13. Ne3 h5 14. Nf5 Bf8 $2 {[#]} (14... Bxf5 $11 {and Black stays safe.} 15. exf5 Nd3) 15. dxe5 dxe5 16. Nc4 Bxf5 17. exf5 Nd7 18. Bxf4 gxf4 19. Nd2 (19. Qd4 $16 {[%cal Rc4e5]} f6 20. Qxf4) 19... O-O-O 20. Qe2 Nf6 21. Ne4 (21. Bc2 $14) 21... Nxe4 $11 22. Qxe4 f6 23. Red1 Bc5 24. Qc4 Qe7 25. Qe6+ Qxe6 26. fxe6 e4 27. Rxd8+ Rxd8 {[%mdl 4096] Endgame KRB-KRB} 28. Rd1 h4 29. Kf1 f5 30. h3 Rxd1+ 31. Bxd1 Kd8 32. f3 Ke7 33. Bc2 Kxe6 34. Ke1 {Accuracy: White = 62%, Black = 84%.} ({White should try} 34. fxe4 $11 fxe4 35. Bxe4) 1/2-1/2

[Event "II Maxistral Compostela 2020"]
[Site "Santiago de Compostela"]
[Date "2020.02.17"]
[Round "8.3"]
[White "Medarde Santiago, Luis Marcos"]
[Black "Portela Peleteiro, Alberto"]
[Result "1/2-1/2"]
[WhiteElo "2246"]
[BlackElo "2369"]
[Annotator "TA"]
[PlyCount "42"]
[EventDate "2020.02.11"]
[EventType "tourn"]
[EventCountry "ESP"]
[SourceTitle "playchess.com"]
[Source "ChessBase"]
[SourceQuality "1"]

{[%evp 16,42,30,32,43,25,42,41,31,29,37,39,35,32,41,17,16,0,0,0,0,0,70,0,33,0,0,0,0]} 1. e4 d6 2. d4 Nf6 3. Nc3 e5 4. dxe5 dxe5 5. Qxd8+ Kxd8 6. Nf3 Bd6 7. Bc4 Be6 8. Bxe6 fxe6 9. Be3 Ke7 {B07: Pirc Defence: Miscellaneous Systems.} 10. a3 a6 11. Nd2 Nc6 {[#] White is slightly better.} 12. Nb3 $146 ({Predecessor:} 12. f3 Nd4 13. Rc1 c5 14. Ne2 Nh5 15. c3 Nxe2 16. Kxe2 Nf4+ 17. Kf1 {1-0 (17) Cuccumini,V (1961)-Calvo Diaz,R (1844) ICCF email 2019}) 12... h6 13. f3 Nd7 14. h4 Nb6 15. Bxb6 cxb6 16. Na4 b5 17. Nac5 Bxc5 18. Nxc5 b6 (18... Nd4 $1 $11 19. Rc1 Rac8) 19. Nb3 (19. Nd3 $14) 19... Nd4 20. O-O-O Nxb3+ 21. cxb3 Rac8+ {Accuracy: White = 79%, Black = 80%.} 1/2-1/2

[Event "II Maxistral Compostela 2020"]
[Site "Santiago de Compostela"]
[Date "2020.02.17"]
[Round "8.4"]
[White "Gomez Dieguez, David"]
[Black "Grigoryan, Karen H."]
[Result "0-1"]
[WhiteElo "2296"]
[BlackElo "2654"]
[Annotator "TA"]
[PlyCount "46"]
[EventDate "2020.02.11"]
[EventType "tourn"]
[EventCountry "ESP"]
[SourceTitle "playchess.com"]
[Source "ChessBase"]
[SourceQuality "1"]

{[%evp 27,46,29,62,57,111,116,118,105,131,118,145,154,122,77,65,47,217,209,223,218,222]} 1. e4 c5 2. Nc3 e6 3. Nf3 a6 4. g3 Nc6 5. d4 cxd4 6. Nxd4 d6 7. Bg2 Bd7 8. O-O Nf6 9. Re1 Be7 10. Nxc6 Bxc6 11. a4 O-O 12. a5 Rc8 13. Be3 Qc7 14. Bb6 Qb8 15. Nd5 {B47: Sicilian: Taimanov: 5 Nc3 Qc7 6 f4, 6 g3 and 6 Be2.} Bxd5 ({Better is} 15... exd5 $14 16. exd5 Nxd5 $1 {[%mdl 512]} 17. Bxd5 Rce8) 16. exd5 $16 e5 {[#]} 17. Bh3 $1 {White is better.} Rce8 18. c4 Bd8 19. Be3 Qc7 {[#]} 20. Qd3 $146 ({Predecessor:} 20. Qa4 h5 21. Red1 Ne4 22. Bd7 Re7 23. Bf5 Nc5 24. Qa3 e4 25. Bxc5 Qxc5 26. Qxc5 dxc5 {1-0 (39) Ivanov,A (2575)-De Firmian,N (2565) USA 1994}) 20... e4 21. Qc3 {Threatens to win with Bb6.} Re5 $2 (21... Nd7 $1 $14) 22. Bd4 $18 Rh5 23. Bg2 Re8 {[%mdl 32768] Accuracy: White = 87%, Black = 54%. . Loss on time!?} 0-1

[Event "II Maxistral Compostela 2020"]
[Site "Santiago de Compostela"]
[Date "2020.02.17"]
[Round "8.5"]
[White "Suarez Gomez, Julio"]
[Black "Gonzalez Trigal, Jose Luis"]
[Result "1-0"]
[WhiteElo "2439"]
[BlackElo "2369"]
[Annotator "TA"]
[PlyCount "81"]
[EventDate "2020.02.11"]
[EventType "tourn"]
[EventCountry "ESP"]
[SourceTitle "playchess.com"]
[Source "ChessBase"]
[SourceQuality "1"]

{[%evp 11,81,21,31,22,31,26,37,27,37,27,31,29,63,66,73,53,89,94,96,60,99,94,258,267,280,290,239,300,297,281,307,289,293,277,444,407,434,413,402,411,460,443,541,548,603,597,737,732,689,593,783,763,775,772,759,741,681,415,436,414,1879,1951,1850,1795,1606,1508,1424,1377,29987,29988,29988,29989]} 1. c4 Nf6 2. Nc3 e6 3. e4 d5 4. cxd5 exd5 5. e5 Ne4 6. Nf3 Nxc3 7. bxc3 {A18: English Opening: Flohr-Mikenas System (1 c4 Nf6 2 Nc3 e6 3 e4).} c5 8. d4 c4 9. Be2 {White is slightly better.} Be7 10. O-O Nc6 11. Ne1 {[#]} Be6 $146 ({Predecessor:} 11... O-O 12. f4 f5 13. Nc2 Be6 14. Ne3 b5 15. Bf3 a5 16. a3 Rb8 17. Kh1 Kh8 {½-½ (30) Starcevic,A (2217)-Georgescu,C (1891) Arad 2019}) 12. Nc2 Qd7 13. Ne3 O-O-O 14. f4 {Strongly threatening f5.} g6 15. Rb1 h5 16. Bf3 f5 $2 {[#]} (16... Na5 $16 {might work better.}) 17. Rf2 $1 $18 g5 {[#]} 18. Rfb2 $1 {[%cal Rb2b7]} g4 19. Rxb7 Qxb7 20. Rxb7 Kxb7 21. Be2 Rd7 22. Qa4 Kc7 $2 (22... a6 23. Ba3 Bxa3) 23. Ba3 {Bxe7 is the strong threat.} Bxa3 24. Qxa3 Rb8 25. Bd1 Rb1 26. Kf2 Rb6 27. Bc2 Rb5 28. Bxf5 Bxf5 29. Nxf5 Ra5 30. Qb2 Rd8 31. Nd6 {[%csl Gd6][%cal Rb2b7]} Rb8 32. Qc2 Ra3 33. Qh7+ Kb6 34. e6 Rxc3 {aiming for ...Ka6.} 35. e7 Ka6 (35... Nxe7 $142 36. Qxe7 Ka6) 36. e8=Q Rb2+ 37. Qe2 Rxe2+ 38. Kxe2 {Qb7+ would kill now.} Nxd4+ 39. Kf2 Rd3 40. Qb7+ {[%mdl 64] Double Attack} Ka5 41. Qxd5+ {[%mdl 64] Double Attack. Accuracy: White = 89%, Black = 45%.} 1-0

[Event "II Maxistral Compostela 2020"]
[Site "Santiago de Compostela"]
[Date "2020.02.18"]
[Round "9.1"]
[White "Gonzalez Trigal, Jose Luis"]
[Black "Strikovic, Aleksa"]
[Result "1/2-1/2"]
[WhiteElo "2369"]
[BlackElo "2479"]
[Annotator "TA"]
[PlyCount "89"]
[EventDate "2020.02.11"]
[EventType "tourn"]
[EventCountry "ESP"]
[SourceTitle "playchess.com"]
[Source "ChessBase"]
[SourceQuality "1"]

{[%evp 11,89,9,14,25,38,26,37,27,133,123,135,124,272,266,380,312,296,6,227,235,245,239,213,0,56,57,51,66,267,270,274,12,19,0,0,-122,-83,-96,-98,-128,-120,-113,-98,-138,-31,-27,-28,-22,-33,-32,0,0,0,0,0,0,0,0,0,0,0,-7,0,0,0,0,0,0,0,0,0,0,0,0,0,0,0,0,0,0]} 1. d4 d6 2. Nf3 g6 3. g3 Bg7 4. Bg2 Nf6 5. O-O O-O 6. b3 e5 7. dxe5 {A49: 1 d4 Nf6 2 Nf3 g6 3 g3: Anti-King's Indian systems.} Ng4 8. Bg5 Qe8 9. Nc3 {[%cal Bb1c3,Bc3d5,Bd5c7,Bc7a8][%mdl 32] White is slightly better.} h6 {[#]} (9... dxe5 $11 10. e4 Nf6) 10. Nd5 $146 {[%cal Rd5c7]} ({Predecessor:} 10. Bd2 dxe5 11. e4 Na6 12. a4 b6 13. h3 Nf6 14. Be3 Bb7 15. Nd2 Qe7 16. Qc1 {½-½ (46) Wagner,D (2577)-Krause,J (2343) Karlsruhe 2019}) 10... hxg5 11. Nxc7 {[%mdl 64] Double Attack} Qd8 (11... Qd7 $16 12. Nxa8 Nxe5) 12. Qxd6 $18 (12. Nxa8 Nxe5 13. Nxe5 Bxe5 $11) 12... Nd7 (12... Nxe5 {keeps fighting.} 13. Qxd8 Rxd8) 13. e6 fxe6 14. Qxe6+ $2 (14. Rad1 $18 Rb8 15. Nxe6) 14... Rf7 $2 (14... Kh8 $11 {and Black is okay.} 15. Rad1 (15. Nxa8 Nde5 $15) 15... Qxc7 16. Qxg4 Bh6) 15. Nxa8 Nf8 16. Qc4 {Threatens to win with Rad1.} Be6 17. Qa4 $2 (17. Qc5 $18) 17... Bxa1 (17... Nxf2 $1 $11 18. Qxa7 (18. Kxf2 Bd4+ 19. e3 Bxa1 $17) (18. Rxf2 Bxa1 19. e3 Qxa8 $17) 18... Bxa1 19. Rxa1 Nh3+ 20. Kh1 g4) 18. Rxa1 $14 Nxf2 $1 ({Don't blunder} 18... Qxa8 $2 19. Nxg5 Rxf2 20. Bf3 $18 (20. Nxe6 $2 Rxg2+ 21. Kxg2 b5+ {[%mdl 64] Discovered Attack} 22. Kg1 bxa4 $19)) 19. Qd4 Qxa8 $2 (19... Qxd4 $14 20. Nxd4 Nh3+ 21. Bxh3 Bxh3) 20. Nxg5 $18 Rf5 21. Nxe6 $2 (21. Nf3 $18) 21... Nxe6 $11 22. Qc4 Qe8 23. e4 (23. Bd5 $11 Nh3+ 24. Kg2) 23... Rf7 {...b5 is the strong threat.} 24. Rf1 Ng4 {White must now prevent ...Ne3.} 25. Bh3 Rxf1+ $1 26. Qxf1 Ne5 $1 27. Qf6 {[#]} Nd4 ({Black should play} 27... Ng5 $1 $17 {[%cal Rg5h3][%mdl 512]} 28. Bg2 (28. Qxg5 Nf3+) 28... Qb5 29. Qd8+ Kg7) 28. c3 $15 Ndc6 29. Be6+ Kh7 30. h4 Qe7 (30... Nd7 {is more complex.} 31. Qf7+ Qxf7 32. Bxf7 Kg7 33. Be6 Nc5) 31. Qxe7+ {The position is equal.} Nxe7 32. Kf2 Kg7 33. Ke3 Kf6 34. Bd5 b6 35. c4 a5 36. a3 Nc8 37. b4 axb4 38. axb4 Nd6 39. c5 bxc5 40. bxc5 Nb5 41. c6 Nc7 42. Kd4 Na6 43. Ke3 Nc7 44. Kd4 Na6 45. Ke3 {Accuracy: White = 74%, Black = 55%.} 1/2-1/2

[Event "II Maxistral Compostela 2020"]
[Site "Santiago de Compostela"]
[Date "2020.02.18"]
[Round "9.2"]
[White "Grigoryan, Karen H."]
[Black "Suarez Gomez, Julio"]
[Result "1/2-1/2"]
[WhiteElo "2654"]
[BlackElo "2439"]
[Annotator "TA"]
[PlyCount "55"]
[EventDate "2020.02.11"]
[EventType "tourn"]
[EventCountry "ESP"]
[SourceTitle "playchess.com"]
[Source "ChessBase"]
[SourceQuality "1"]

{[%evp 15,55,27,37,0,23,11,13,18,25,20,22,8,68,66,73,69,75,69,65,75,66,50,43,60,66,50,70,46,41,36,34,35,35,32,39,33,35,19,12,0,0,-28]} 1. Nf3 Nf6 2. g3 d5 3. Bg2 e6 4. O-O Be7 5. c4 O-O 6. d4 c6 7. Qc2 b6 8. b3 Bb7 9. Bb2 {E06: Closed Catalan: Early deviations.} Na6 10. Nc3 Nb4 11. Qb1 dxc4 12. bxc4 c5 {[#]} 13. dxc5 $146 ({Predecessor:} 13. a3 Nc6 14. Ne5 cxd4 15. Bxc6 dxc3 16. Bxb7 cxb2 17. Qxb2 Rb8 18. Bf3 Qc7 19. Nc6 {0-1 (43) Mulyar,M (2408)-Peng,D (2256) Dallas 2016}) 13... Bxc5 (13... Qc8 $11) 14. Na4 $14 {[#] Strongly threatening Ng5.} Bxf3 15. Bxf3 Rc8 16. Nxc5 bxc5 17. Rd1 Qc7 18. a3 Nc6 19. e3 Nd7 20. Qc2 Rfd8 21. Qc3 {[%csl Gb2][%cal Rc3g7] [#]} f6 22. Bg4 Nf8 23. Qc2 Ne5 24. Be2 Nf7 25. Bc3 Qc6 26. Ba5 Rxd1+ 27. Rxd1 Ng5 {( -> ...Nh3+)} 28. e4 {Accuracy: White = 93%, Black = 93%.} 1/2-1/2